000 00838nam a2200169 a 4500
008 120416s1972 ||||||||||||||||| || u
050 _aTK 6565.T73 Dan
100 _aDaniel, G.L
245 1 0 _aRadio and transmission, Vol.2
246 _aG.L. Danielson
260 _aLondon
_bButterworth Scientific
_c1972
300 _a(5) 295p. : ill
350 _a0.00
995 _aANNEX COLLECTION (Main Library)
_D0.00
_e015936
_FCBU-MAIN LIBRARY (Kitwe)
_H3
_I1.80
_jTK 6565.T73 Dan
_UAVAILABLE
_y015936
_ZAnnex Low-Usage Collection
995 _aANNEX COLLECTION (Main Library)
_D0.00
_e711908
_FCBU-MAIN LIBRARY (Kitwe)
_H1
_I1.80
_jTK 6565.T73 Dan
_UAVAILABLE
_y015937
_ZAnnex Low-Usage Collection
995 _aMAIN LIBRARY OPEN ACCESS
_D0.00
_e711909
_FCBU-MAIN LIBRARY (Kitwe)
_H2
_I1.80
_jTK 6565.T73 Dan
_UAVAILABLE
_y015934
_ZMain Library Open Access Collection
999 _c79945
_d79945